| 000 | 01092pam a2200373 a 4500 | ||
|---|---|---|---|
| 001 | data | ||
| 005 | 20260322212102.0 | ||
| 008 | data | ||
| 035 | _a3332827 | ||
| 906 |
_a7 _bcbc _corignew _d1 _eocip _f19 _gy-gencatlg |
||
| 010 | _a 85018316 | ||
| 020 | _a0721611338 | ||
| 020 | _a9780721611334 | ||
| 035 | _9(DLC) 85018316 | ||
| 040 |
_aDNLM/DLC _cDLC _dDLC |
||
| 050 | 1 | 0 |
_aRT41 _b.K36 1986 |
| 060 | _aWY 150 K24e | ||
| 082 | 0 | 0 |
_a610.73 _219 |
| 100 | 1 | _aKeane, Claire Brackman. | |
| 245 | 1 | 0 |
_aEssentials of medical-surgical nursing / _cClaire Brackman Keane. |
| 250 | _a2nd ed. | ||
| 260 |
_aPhiladelphia : _bSaunders, _c1986. |
||
| 300 |
_axxiv, 772 p. : _bill. (some col.) ; _c29 cm. |
||
| 336 |
_atext _btxt _2rdacontent |
||
| 337 |
_aunmediated _bn _2rdamedia |
||
| 338 |
_avolume _bnc _2rdacarrier |
||
| 504 | _aIncludes bibliographies and index. | ||
| 650 | 0 | _aNursing. | |
| 650 | 0 | _aSurgical nursing. | |
| 650 | 2 | _aNursing. | |
| 650 | 2 | _aSurgical Nursing. | |
| 740 | 0 | _aMedical-surgical nursing. | |
| 999 |
_c1472 _d1472 |
||